Pays avec le plus gros PIB depuis 1500 - Statistiques

Statistiques générales
  • Ce quiz a été pris 1 252 fois
  • Le résultat moyen est 62 sur 70
Statistiques - réponses
Années Pays % Correct
1600 France
100%
1700 France
100%
1820 France
100%
1950 France
100%
1998 France
100%
2023 France
100%
1500 Chine
99%
1600 Chine
99%
1700 Chine
99%
1820 Chine
99%
1998 Chine
99%
2023 Chine
99%
1820 États-Unis
99%
1950 États-Unis
99%
1998 États-Unis
99%
2023 États-Unis
99%
1950 République populaire de Chine
99%
1600 Allemagne
97%
1700 Allemagne
97%
1820 Allemagne
97%
1950 Allemagne
97%
1998 Allemagne
97%
2023 Allemagne
97%
1820 Royaume-Uni
96%
1950 Royaume-Uni
96%
1998 Royaume-Uni
96%
2023 Royaume-Uni
96%
1820 Empire Russe
95%
1500 Japon
95%
1600 Japon
95%
1700 Japon
95%
1820 Japon
95%
1950 Japon
95%
1998 Japon
95%
2023 Japon
95%
2023 Russie
95%
1500 Russie et Asie centrale
95%
1600 Russie et Asie centrale
95%
1700 Russie et Asie centrale
95%
1600 Empire espagnol
94%
1500 Espagne
94%
1700 Espagne
94%
1820 Espagne
94%
1950 Espagne
94%
1600 Etats italiens
93%
1700 Italie
93%
1820 Italie
93%
1950 Italie
93%
1998 Italie
93%
2023 Italie
93%
1500 Inde
92%
1600 Inde
92%
1700 Inde
92%
1820 Inde
92%
1950 Inde
92%
1998 Inde
92%
2023 Inde
92%
1998 Brésil
88%
2023 Canada
86%
1500 Mexique
74%
1998 Mexique
74%
1500 Iles britanniques
59%
1700 Iles Britanniques
59%
1500 Pologne-Lituanie
54%
1600 Pologne-Lituanie
54%
1700 Pologne-Lituanie
54%
1950 Union soviétique
49%
1500 Empire Ottoman
30%
1600 Empire Ottoman
30%
1500 Saint Empire romain germanique
7%
Aucun quiz correspondant
Distribution des résultats
% des personnes avec chaque résultat
Percentile par nombre de réponses
Votre historique - résultats
Vous n’avez pas pris ce quiz